=LDR 00000nam 2200000 4500 =001 INLIS000000000810424 =005 20251209090403 =035 ##$$a 0010-1225000062 =007 ta =008 251209###########################0###### =020 ##$$a 978-602-98968-3-1 =082 ##$$a 297.63 =084 ##$$a 297.63 MUB s =245 ##$$a Sirah / Nabi Muhammad /$c Syaikh Shafiyurrahman Al-Mubarakfuri =260 ##$$a Jakarta : :$b Ummul Quro =300 ##$$a xxvi, 864 Halaman ; $c 24 cm